00852nam a22002537a 45000010005000000030006000050050017000110080041000280200018000690400029000870500013001160820012001291000017001412450075001582500042002332600040002753000044003155050008003595200138003675210020005055210018005256500025005437000030005684941FISKH20241125134310.0241025b cb ||||| |||| 00| 0 eng d a9780140374247 aFISKHbengcFISKHdFISKH aPZ8.D137 a823.914 aDahl, Roald  aJames and the Giant Peach /cby Roald Dahl : illustrated by Lane Smith aFirst published in Puffin Books, 1988 aNew York : bPuffin Books ;c1961 . a126 pages : billustrations ;c20 cm .  aS  aA young boy escapes from two wicked aunts and embarks on a series of adventures with six giant insects he meets inside a giant peach.8 a790 bLexile 8 aS bLexile  achildren's vfiction aSmith, Laneeillustrator